Normal view
MARC view
Entry Personal Name
001 - CONTROL NUMBER
- control field: 1192758
003 - CONTROL NUMBER IDENTIFIER
- control field: OSt
005 - DATE AND TIME OF LATEST TRANSACTION
- control field: 20260324133340.0
008 - FIXED-LENGTH DATA ELEMENTS
- fixed length control field: 260324|| aca||aabn | a|a d
040 ## - CATALOGING SOURCE
- Original cataloging agency: OSt
- Transcribing agency: OSt
100 ## - HEADING--PERSONAL NAME
- Personal name: Albert N. Link; Donald Siegel
670 ## - SOURCE DATA FOUND
- Source citation: Work cat.: (OSt)1791701: Albert N. Link; Donald Siegel, Technological Change and Economic Performance
